Property Council/IPD Australian property index (Record no. 119197)

MARC details
000 -LEADER
fixed length control field 01020cas a22002175a 4500
001 - CONTROL NUMBER
control field L144721
008 - FIXED-LENGTH DATA ELEMENTS--GENERAL INFORMATION
fixed length control field 080806c2008 xxkar ps ss 0 a0eng d
035 ## - SYSTEM CONTROL NUMBER
System control number (Sirsi) u144721
041 0# - LANGUAGE CODE
Language code of text/sound track or separate title eng
050 ## - LIBRARY OF CONGRESS CALL NUMBER
Classification number 333.32 $2 18
110 2# - MAIN ENTRY--CORPORATE NAME
Corporate name or jurisdiction name as entry element Investment Property Databank
9 (RLIN) 2288
245 00 - TITLE STATEMENT
Title Property Council/IPD Australian property index
Medium [electronic resource]
260 ## - PUBLICATION, DISTRIBUTION, ETC.
Place of publication, distribution, etc. London
Name of publisher, distributor, etc. IPD
Date of publication, distribution, etc. 2008-
520 ## - SUMMARY, ETC.
Summary, etc. The Property Council/IPD Australian property index measures the returns to directly held standing property investments from one open market valuation to the next. Additional indices are calculated covering the major sectors of the Australian property market. Data is presented using graphs and tables of comparative statistics.
554 ## -
-- Annual
650 24 - SUBJECT ADDED ENTRY--TOPICAL TERM
Topical term or geographic name entry element PROPERTY COUNCIL/IPD AUSTRALIAN PROPERTY INDEX
651 #4 - SUBJECT ADDED ENTRY--GEOGRAPHIC NAME
Geographic name Australia
690 ## - LOCAL SUBJECT ADDED ENTRY--TOPICAL TERM (OCLC, RLIN)
Topical term or geographic name as entry element PROPERTY-COMMERCIAL PROPERTY-COMMERCIAL PROPERTY MARKET
856 40 - ELECTRONIC LOCATION AND ACCESS
Uniform Resource Identifier <a href="https://www.ipd.com">https://www.ipd.com</a>
Public note View the item free of charge online at www.ipd.com...
942 ## - ADDED ENTRY ELEMENTS (KOHA)
Suppress in OPAC 0
Holdings
Withdrawn status Lost status Source of classification or shelving scheme Damaged status Not for loan Home library Current library Shelving location Date acquired Total Checkouts Full call number Barcode Date last seen Price effective from Koha item type
    Dewey Decimal Classification     Virtual Virtual Online 06/08/2008   ONLINE PUBLICATION 144721-1001 06/08/2019 06/08/2019 Journal